Oscar de la meilleure actrice - Mort Subite - Statistiques

Statistiques générales
  • Ce quiz a été pris 91 fois
  • Le résultat moyen est 6 sur 17
Answers on the Grid
Answers color-coded by a green-red scale on the quiz's grid according to % correct below.
Meryl Streep
Judy Garland
Liza Minnelli
Marion Cotillard
Jane Fonda
Glenn Close
Angelina Jolie
Janet Gaynor
Greta Garbo
Maggie Smith
Frances McDormand
Anne Hathaway
Jennifer Lawrence
Simone Signoret
Sigourney Weaver
Helena Bonham Carter
Sophia Loren
Julia Roberts
Viola Davis
Audrey Hepburn
Cher
Katharine Hepburn
Amy Adams
Demi Moore
Hilary Swank
Lady Gaga
Catherine Deneuve
Holly Hunter
Kathy Bates
Judy Dench
 
Statistiques - réponses
Réponse % Correct
Meryl Streep
87%
Marion Cotillard
73%
Frances McDormand
44%
Julia Roberts
42%
Jennifer Lawrence
40%
Hilary Swank
37%
Jane Fonda
37%
Katharine Hepburn
35%
Audrey Hepburn
33%
Simone Signoret
27%
Maggie Smith
25%
Cher
23%
Sophia Loren
23%
Liza Minnelli
21%
Holly Hunter
17%
Kathy Bates
17%
Janet Gaynor
13%
Aucun quiz correspondant
Distribution des résultats
% des personnes avec chaque résultat
Percentile par nombre de réponses
Votre historique - résultats
Vous n’avez pas pris ce quiz